The chronicles of the imp. A Romance

Enregistré dans:
Détails bibliographiques
Auteur principal: Farnol, Jeffery (Auteur)
Format: Livre
Langue:anglais
Publié: Londres Sampson Low, Marston & Co. 1920
Édition:1a. ed
Sujets:
Tags: Ajouter un tag
Pas de tags, Soyez le premier à ajouter un tag!

MARC

LEADER 00000nam a2200000 a 4500
001 UCJ6325
003 CL-VaPUC
008 070124e19200000UK |||||||||||||||||eng|d
082 0 4 |a 823  |b FAR  |2 21 
100 0 |a Farnol, Jeffery  |e author  |9 512861 
245 1 4 |a The chronicles of the imp. A Romance 
250 |a 1a. ed 
300 |a 218 p 
942 |c BK 
945 |d 20070124 00:00:00  |a rinostro 
260 |a Londres  |b Sampson Low, Marston & Co.  |c 1920 
650 7 |a NOVELA INGLESA  |2 CL-VaPUC  |9 309260 
650 0 |a Ilustraciones  |9 369481 
583 |a last modification  |c 20070124 00:00:00  |k Rodrigo Vera 
999 |c 322433  |d 322431 
952 |0 0  |1 0  |4 0  |6 823_000000000000000_FAR_1920  |7 0  |8 X  |9 401421  |a FDOBUD  |b FDOBUD  |d 2019-11-22  |i 1046519  |o 823 FAR 1920  |p 1046519  |r 2019-11-22  |w 2019-11-22  |y BK_X  |k BUD